00607cam a22002051 450000100060000000300080000600500170001400800410003103500190007204000420009104100080013308200220014110000290016324500490019226000420024130000450028350000180032850400270034660000280037323604BD-RjUL20211209000941.0140311s1966 enkac b 000 0beng d a(BD-RjUL)23669 aDLCcTxU-DadOCoLCdDLCdBD-RjULbeng aeng00a730.924bSPL 19661 aSpeaight, Robert,d1904-14aThe life of Eric Gill /cby Robert Speaight aLondon :bMethuen & co. Ltd.,c[1966] axvii, 323 p. :billus., ports. ;c24 cm. aInclude index aBibliography: p. [308]10aGill, Eric,d1882-1940.